|
|
|
|
| LEADER |
00000cam a2200000 7i4500 |
| 001 |
0000016408 |
| 005 |
20220317.0 |
| 020 |
|
|
|a 9832620155
|
| 040 |
|
|
|a INS
|
| 090 |
0 |
0 |
|a BF637.C6
|b A23 2003
|
| 100 |
0 |
|
|a Abdul Ghani Sulaiman
|
| 245 |
1 |
0 |
|a Kemahiran asas kaunseling
|c Abdul Ghani Sulaiman
|
| 260 |
|
|
|a Tanjung Malim :
|b Universiti Pendidikan Sultan Idris ,
|c 2003
|
| 300 |
|
|
|a 151p :
|b ill. ;
|c 22cm.
|
| 504 |
|
|
|a Includes bibliographical references
|
| 650 |
|
0 |
|a Counseling
|
| 650 |
|
0 |
|a Interviewing
|
| 999 |
|
|
|a 0000016348
|b BOOK
|c Open Shelf
|e Default branch
|
| 999 |
|
|
|a 0000016349
|b BOOK
|c Open Shelf
|e Default branch
|